Beobachtungen zum Gebrauch der Phraseologismen in der Wirtschaftssprache Deutsch
Nemecký obchodný jazyk ako technický jazyk, pre ktorého správne a účelné porozumenie či používanie je potrebné ho vnímať aj z hľadiska kultúrnych rozdielov. Objasnenie ekonomických metafor a idiómov v ekonomickom nemeckom jazyku z lingvistického hľadiska.
Salvato in:
| Autore principale: | |
|---|---|
| Natura: | Capitolo di libro |
| Lingua: | tedesco |
| Soggetti: | |
| Tags: |
Nessun Tag, puoi essere il primo ad aggiungerne!!
|
MARC
| LEADER | 00000naa$a2200000$$$4500 | ||
|---|---|---|---|
| 001 | 0261033 | ||
| 005 | 20240502083746.8 | ||
| 041 | 0 | |a ger | |
| 044 | |a CZ | ||
| 245 | 1 | 0 | |a Beobachtungen zum Gebrauch der Phraseologismen in der Wirtschaftssprache Deutsch |c Lívia Adamcová |
| 520 | |a Nemecký obchodný jazyk ako technický jazyk, pre ktorého správne a účelné porozumenie či používanie je potrebné ho vnímať aj z hľadiska kultúrnych rozdielov. Objasnenie ekonomických metafor a idiómov v ekonomickom nemeckom jazyku z lingvistického hľadiska. | ||
| 610 | 2 | 0 | |a jazyky cudzie |
| 610 | 2 | 0 | |a nemčina |
| 610 | 2 | 0 | |a jazyk obchodný |
| 610 | 2 | 0 | |a jazyk odborný |
| 610 | 2 | 0 | |a frazeológia |
| 100 | 1 | |a Adamcová, Lívia | |